000 01070nam a22001937a 4500
005 20260123084455.0
008 230712b ||||| |||| 00| 0 eng d
040 _cSSBUL
_dSSBUL
082 _223
_a၉၂၃.၂၀၀၉၅၉၁ မြ ၁၆၁၃၇ (S-SAT)
100 _aမြဝင်း။
_927848
245 _aတပ်မတော်ခေါင်းဆောင်များ သမိုင်းအကျဉ်း /
_cမြဝင်း။
260 _aရန်ကုန်၊
_bမြန်မာ့အလင်းသတင်းစာတိုက်၊
_c၁၉၉၁။
300 _a၈၈ စာမျက်နှာ၊
_c၂၃ စင်တီ။
500 _aS-SAT: Dr. Prof Sai Aung Tun
650 _aအတ္ထုပ္ပတ္တိ
_vစစ်ဘက်ဆိုင်ရာပုဂ္ဂိုလ်များ။
_927849
650 _aအတ္ထုပ္ပတ္တိ
_zမြန်မာနိုင်ငံ။
_927648
651 _aမြန်မာနိုင်ငံ
_vတပ်မတော်။
_927769
942 _2ddc
_cBK1
999 _c27105
_d27105